[Event "WY U-16 Chess Olympiad 2019"]
[Site "Corum"]
[Date "2019.10.30"]
[Round "2"]
[White "Daggupati, Balaji"]
[Black "Manafov, Vugar"]
[Result "1-0"]
[WhiteElo "2310"]
[BlackElo "2357"]
[Annotator "TA"]
[PlyCount "59"]
[EventDate "2019.10.28"]
[EventType "team-tourn"]
[EventCountry "TUR"]
[SourceTitle "playchess.com"]
[Source "ChessBase"]
[SourceQuality "1"]

1. e4 Nf6 2. e5 Nd5 3. d4 d6 4. c4 Nb6 5. exd6 cxd6 6. Nc3 g6 7. Be3 Bg7 8. Rc1 O-O 9. b3 Bf5 10. h3 d5 11. c5 Nc8 12. g4 Bd7 13. Bg2 e6 14. Nf3 Nc6 15. O-O b6 16. cxb6 axb6 17. Qd2 Nd6 18. Bf4 Be8 19. Rfe1 b5 20. Ne5 Rc8 21. Bg5 Bf6 22. Bxf6 Qxf6 23. Bxd5 Qh4 24. Bg2 b4 25. Ne2 Na7 26. Qxb4 Qd8 27. Rxc8 Ndxc8 28. Rc1 Nb6 29. Qa5 Nb5 30. Nc4 1-0

[Event "WY U-16 Chess Olympiad 2019"]
[Site "Corum"]
[Date "2019.10.30"]
[Round "2"]
[White "Stearman, Josiah"]
[Black "Muradli, Mahammad"]
[Result "0-1"]
[WhiteElo "2310"]
[BlackElo "2459"]
[Annotator "TA"]
[PlyCount "154"]
[EventDate "2019.10.28"]
[EventType "team-tourn"]
[EventCountry "TUR"]
[SourceTitle "playchess.com"]
[Source "ChessBase"]
[SourceQuality "1"]

1. e4 c5 2. Nf3 d6 3. d4 cxd4 4. Qxd4 a6 5. c4 Nc6 6. Qe3 Bg4 7. Be2 g6 8. O-O Bg7 9. Rd1 Qa5 10. Nc3 Nf6 11. Nd5 O-O 12. Bd2 Qc5 13. h3 Bxf3 14. Qxc5 dxc5 15. Bxf3 e6 16. Nb6 Rad8 17. Bf4 e5 18. Be3 Nd4 19. Bxd4 cxd4 20. b4 Bh6 21. Rd3 Rd6 22. c5 Rxb6 23. cxb6 Nd7 24. Bd1 Nxb6 25. Bb3 Rc8 26. a4 Nc4 27. a5 Nd6 28. Bd5 Rc7 29. g3 Nb5 30. Re1 Bf8 31. f4 Bd6 32. Rf1 Kg7 33. Kg2 Nc3 34. fxe5 Bxe5 35. Kf3 Nb5 36. Rf2 Nd6 37. Bb3 Rc1 38. Rc2 Rg1 39. Kf2 Rb1 40. Kf3 Nb5 41. Bd5 Nc3 42. Bxb7 Rxb4 43. Bxa6 Ra4 44. Bb7 Rxa5 45. Rcd2 Rb5 46. Ba8 Rb6 47. Rxd4 Bxd4 48. Rxd4 Rb2 49. Rd3 Ne2 50. Rd1 h5 51. h4 Nc3 52. Rd3 Na4 53. Bd5 Nc5 54. Ra3 Nd7 55. Ra7 Ne5+ 56. Kf4 Ng4 57. Ra2 Rb1 58. Bc4 Rb4 59. Bd5 Rb6 60. e5 Rb4+ 61. Be4 Rb5 62. Bf3 Nxe5 63. Be2 Rc5 64. Ra6 Nc6 65. Rb6 Nd4 66. Ba6 Rc3 67. Ke5 Nf5 68. Rb4 Rxg3 69. Bc8 Ne7 70. Bd7 Rd3 71. Rb7 Ng8 72. Kf4 Nf6 73. Be6 Nd5+ 74. Bxd5 Rxd5 75. Rb6 Rd3 76. Kg5 Rg3+ 77. Kf4 Rg4+ 0-1

[Event "WY U-16 Chess Olympiad 2019"]
[Site "Corum"]
[Date "2019.10.30"]
[Round "2"]
[White "Ceres, Dragos"]
[Black "Uzumcu, Ahmet Utku"]
[Result "1/2-1/2"]
[WhiteElo "2302"]
[BlackElo "2304"]
[Annotator "TA"]
[PlyCount "59"]
[EventDate "2019.10.28"]
[EventType "team-tourn"]
[EventCountry "TUR"]
[SourceTitle "playchess.com"]
[Source "ChessBase"]
[SourceQuality "1"]

1. e4 c5 2. Nf3 d6 3. d4 cxd4 4. Nxd4 Nf6 5. Nc3 a6 6. Be3 e5 7. Nb3 Be7 8. f3 Be6 9. Qd2 O-O 10. O-O-O Nbd7 11. g4 b5 12. g5 b4 13. Ne2 Ne8 14. f4 exf4 15. Bxf4 Nc5 16. Ned4 Nxe4 17. Qe3 d5 18. Bg2 N8d6 19. Nc6 Qd7 20. Nxe7+ Qxe7 21. Bxd6 Nxd6 22. Bxd5 Nf5 23. Qf4 Bxd5 24. Rxd5 Qe3+ 25. Qxe3 Nxe3 26. Re5 Nc4 27. Re4 Rac8 28. Rf1 Rc7 29. Nd4 Nd6 30. Re5 1/2-1/2

[Event "WY U-16 Chess Olympiad 2019"]
[Site "Corum"]
[Date "2019.10.30"]
[Round "2"]
[White "Cohen Revivo, Shoham"]
[Black "Martins, Bruno Andre Leite"]
[Result "1-0"]
[WhiteElo "2295"]
[BlackElo "2284"]
[Annotator "TA"]
[PlyCount "95"]
[EventDate "2019.10.28"]
[EventType "team-tourn"]
[EventCountry "TUR"]
[SourceTitle "playchess.com"]
[Source "ChessBase"]
[SourceQuality "1"]

1. e4 c5 2. Nf3 Nc6 3. Bb5 g6 4. O-O Bg7 5. Re1 Nf6 6. Nc3 O-O 7. e5 Ne8 8. d3 Nc7 9. Bxc6 dxc6 10. Be3 b6 11. h3 Nd5 12. Qd2 Nxc3 13. bxc3 Be6 14. c4 Qd7 15. Bh6 f5 16. Bxg7 Kxg7 17. Qf4 h6 18. h4 Kh7 19. a4 Rad8 20. Reb1 Rg8 21. a5 b5 22. a6 Rb8 23. Qe3 bxc4 24. dxc4 Bxc4 25. Qxc5 Rxb1+ 26. Rxb1 Bxa6 27. Ra1 Bb7 28. Rxa7 Ra8 29. Rxa8 Bxa8 30. Nd4 h5 31. e6 Qe8 32. Nf3 Qd8 33. Ng5+ Kg8 34. Nf7 Qe8 35. Qd4 Kh7 36. Qd7 Qf8 37. Qa7 c5 38. Qxc5 Qe8 39. Qe3 Kg7 40. Qd4+ Kh7 41. c4 Bc6 42. Nd8 Kg8 43. Nxc6 Qxc6 44. Qd8+ Kh7 45. Qxe7+ Kh6 46. Qf8+ Kh7 47. Qf7+ Kh6 48. e7 1-0

[Event "WY U-16 Chess Olympiad 2019"]
[Site "Corum"]
[Date "2019.10.30"]
[Round "2"]
[White "Tadic, Stefan"]
[Black "Nanayakkara, J A K Saranath"]
[Result "0-1"]
[WhiteElo "2295"]
[BlackElo "1924"]
[Annotator "TA"]
[PlyCount "72"]
[EventDate "2019.10.28"]
[EventType "team-tourn"]
[EventCountry "TUR"]
[SourceTitle "playchess.com"]
[Source "ChessBase"]
[SourceQuality "1"]

1. e4 c5 2. Nc3 Nc6 3. Bb5 Nd4 4. Ba4 a6 5. Bb3 g6 6. Nf3 Bg7 7. Nxd4 cxd4 8. Ne2 d6 9. d3 e5 10. O-O Ne7 11. f4 O-O 12. Ng3 exf4 13. Bxf4 Nc6 14. Qd2 Be6 15. Bg5 Qa5 16. Qf4 Qe5 17. Qh4 Bxb3 18. cxb3 f6 19. Bd2 Qb5 20. Bh6 Qxd3 21. Bxg7 Qe3+ 22. Kh1 Kxg7 23. Rf4 Ne5 24. Raf1 d3 25. Qh3 Qd4 26. Rh4 h5 27. Rxh5 Rh8 28. Nf5+ gxf5 29. Qg3+ Ng4 30. Rfxf5 Rxh5 31. Qxg4+ Rg5 32. Rxg5+ fxg5 33. Qd7+ Kf6 34. Qf5+ Ke7 35. Qh7+ Kd8 36. Qg8+ Kc7 0-1

[Event "WY U-16 Chess Olympiad 2019"]
[Site "Corum"]
[Date "2019.10.30"]
[Round "2"]
[White "Haring, Filip"]
[Black "Kilic, Eray"]
[Result "0-1"]
[WhiteElo "2294"]
[BlackElo "2001"]
[Annotator "TA"]
[PlyCount "88"]
[EventDate "2019.10.28"]
[EventType "team-tourn"]
[EventCountry "TUR"]
[SourceTitle "playchess.com"]
[Source "ChessBase"]
[SourceQuality "1"]

1. e4 c5 2. Nf3 Nc6 3. d4 cxd4 4. Nxd4 g6 5. Nc3 Bg7 6. Be3 Nf6 7. Bc4 O-O 8. Bb3 d6 9. f3 Bd7 10. Qd2 Nxd4 11. Bxd4 b5 12. a4 b4 13. Nd5 Nxd5 14. Bxg7 Kxg7 15. exd5 Qb6 16. h4 h5 17. O-O-O Qa5 18. Qd4+ Kh6 19. g4 Bxa4 20. Qe3+ Kg7 21. gxh5 Bxb3 22. Qxb3 Rac8 23. hxg6 fxg6 24. h5 Rf4 25. Rhg1 Qa1+ 26. Kd2 Rd4+ 27. Ke2 Qa6+ 28. Rd3 Rdc4 29. Rxg6+ Kf7 30. Kd2 Rxc2+ 31. Qxc2 Rxc2+ 32. Kxc2 Qc4+ 33. Kd2 b3 34. Ke2 a5 35. Rg4 Qc1 36. Rd2 Qh1 37. Rf4+ Kg7 38. Ra4 Qg2+ 39. Ke3 Qg1+ 40. Ke2 Qc5 41. Rg4+ Kh7 42. h6 a4 43. Rg7+ Kh8 44. Kd1 Qb5 0-1

[Event "WY U-16 Chess Olympiad 2019"]
[Site "Corum"]
[Date "2019.10.30"]
[Round "2"]
[White "Mosesov, Danylo"]
[Black "Vojta, Jakub"]
[Result "1-0"]
[WhiteElo "2290"]
[BlackElo "2134"]
[Annotator "TA"]
[PlyCount "95"]
[EventDate "2019.10.28"]
[EventType "team-tourn"]
[EventCountry "TUR"]
[SourceTitle "playchess.com"]
[Source "ChessBase"]
[SourceQuality "1"]

1. d4 d5 2. c4 dxc4 3. e4 Nc6 4. Nf3 Bg4 5. d5 Ne5 6. Bf4 Ng6 7. Be3 Nf6 8. Nc3 e5 9. Bxc4 Bd6 10. h3 Bd7 11. O-O a6 12. a4 O-O 13. Re1 Nh5 14. Bf1 Nhf4 15. Kh2 Qc8 16. Ng1 f5 17. g3 fxe4 18. Nxe4 Bb4 19. gxf4 Bxe1 20. Qxe1 Nxf4 21. Qd2 Qe8 22. Nc5 Bc8 23. d6 cxd6 24. Qxd6 Rf6 25. Qd2 Kh8 26. Re1 Qf8 27. Ne4 Rg6 28. Bc5 Qg8 29. Ng3 b6 30. Bd6 Bb7 31. Bxe5 Nd5 32. Bg2 Rd8 33. Qe2 Rf8 34. Be4 Re6 35. Bf5 Re7 36. Qg4 Rfe8 37. Qd4 Nf6 38. Re2 Qd5 39. Qxd5 Nxd5 40. f4 Kg8 41. Bd3 g5 42. Nf5 Rd7 43. fxg5 Nb4 44. Nh6+ Kf8 45. Rf2+ Ke7 46. Bxh7 Kd8 47. Bf6+ Kc8 48. Bf5 1-0

[Event "WY U-16 Chess Olympiad 2019"]
[Site "Corum"]
[Date "2019.10.30"]
[Round "2"]
[White "Beydullayeva, Govhar"]
[Black "Chen, Justin"]
[Result "1-0"]
[WhiteElo "2289"]
[BlackElo "2280"]
[Annotator "NA"]
[PlyCount "151"]
[EventDate "2019.10.28"]
[EventType "team-tourn"]
[EventCountry "TUR"]
[SourceTitle "playchess.com"]
[Source "ChessBase"]
[SourceQuality "1"]

1. d4 Nf6 2. c4 e6 3. Nf3 d5 4. g3 Be7 5. Bg2 O-O 6. O-O dxc4 7. Qc2 a6 8. Qxc4 b5 9. Qc2 Bb7 10. Bd2 Be4 11. Qc1 c6 12. Rd1 Nbd7 13. Nc3 Bg6 14. Nh4 Bh5 15. Nf3 Rc8 16. Bg5 h6 17. Bxf6 Nxf6 18. a3 Qb6 19. b4 Rfd8 20. e3 a5 21. Qb2 axb4 22. axb4 Nd5 23. Na2 Ra8 24. Rdc1 Bxf3 25. Bxf3 Ra6 26. Bxd5 cxd5 27. Nc3 Rc8 28. Nxd5 Rxc1+ 29. Qxc1 Rxa1 30. Nxe7+ Kf8 31. Qxa1 Kxe7 32. Qa8 Qc7 33. h3 Qc1+ 34. Kg2 Qc4 35. Qa7+ Kf6 36. Qc5 Qd3 37. Qe5+ Kg6 38. e4 Qc4 39. d5 Qxb4 40. dxe6 fxe6 41. Qxe6+ Kh7 42. Qf5+ Kg8 43. Qd5+ Kf8 44. e5 Ke7 45. h4 Qb2 46. Qd6+ Ke8 47. Qg6+ Kf8 48. Qd6+ Ke8 49. Qb8+ Ke7 50. Qc7+ Kf8 51. e6 Qf6 52. Qd6+ Ke8 53. h5 b4 54. Qb8+ Qd8 55. Qb5+ Ke7 56. Qxb4+ Kxe6 57. Qc4+ Ke5 58. Qc3+ Ke6 59. Qc4+ Ke5 60. Qc3+ Ke6 61. Qxg7 Qd5+ 62. f3 Qxh5 63. g4 Qh4 64. f4 Kd5 65. Qe5+ Kc4 66. Qe4+ Kc3 67. f5 Qf6 68. Qe3+ Kb4 69. Qe6 Qb2+ 70. Kf3 Qc1 71. Qb6+ Ka4 72. Qe3 Qh1+ 73. Kf4 Qh2+ 74. Ke4 Qh4 75. Qf4 Qf6 76. Kd5+ 1-0

[Event "WY U-16 Chess Olympiad 2019"]
[Site "Corum"]
[Date "2019.10.30"]
[Round "2"]
[White "Csiki, Endre"]
[Black "Peycheva, Gergana"]
[Result "0-1"]
[WhiteElo "2287"]
[BlackElo "2246"]
[Annotator "TA"]
[PlyCount "124"]
[EventDate "2019.10.28"]
[EventType "team-tourn"]
[EventCountry "TUR"]
[SourceTitle "playchess.com"]
[Source "ChessBase"]
[SourceQuality "1"]

1. e4 c5 2. Nf3 Nc6 3. d4 cxd4 4. Nxd4 g6 5. Nc3 Bg7 6. Be3 Nf6 7. Bc4 O-O 8. Bb3 Re8 9. O-O d6 10. h3 Na5 11. f4 a6 12. Qf3 b5 13. f5 Bb7 14. Nd5 Nxb3 15. axb3 Rf8 16. Rad1 Nd7 17. Bg5 Bxd5 18. exd5 Ne5 19. Qf2 Rc8 20. Qh4 Re8 21. c3 Qd7 22. Qe4 Qb7 23. Rfe1 Rc5 24. fxg6 hxg6 25. Nc6 Nxc6 26. dxc6 Qc7 27. Qh4 Be5 28. Rf1 Rxc6 29. Rde1 d5 30. Re2 Re6 31. Rxf7 Kxf7 32. Qh7+ Bg7 33. Rxe6 Kxe6 34. Qxg6+ Kd7 35. Qxg7 Qb6+ 36. Kh1 Qe6 37. h4 Rg8 38. Qd4 Qe1+ 39. Kh2 Qe6 40. Kh1 Rf8 41. c4 Rf1+ 42. Kh2 Qd6+ 43. g3 dxc4 44. Qg4+ Qe6 45. Qd4+ Kc6 46. Qd2 Qe4 47. Qg2 Qxg2+ 48. Kxg2 Rb1 49. Bxe7 Rxb2+ 50. Kh3 cxb3 51. h5 Re2 52. Bf6 b2 53. Bxb2 Rxb2 54. h6 Re2 55. g4 b4 56. g5 b3 57. h7 Re8 58. g6 b2 59. g7 b1=Q 60. g8=Q Rxg8 61. hxg8=Q Qh1+ 62. Kg4 Qg2+ 0-1

[Event "WY U-16 Chess Olympiad 2019"]
[Site "Corum"]
[Date "2019.10.30"]
[Round "2"]
[White "Aydincelebi, Kagan"]
[Black "Vorobiov, Vlad"]
[Result "1-0"]
[WhiteElo "2285"]
[BlackElo "2029"]
[Annotator "TA"]
[PlyCount "95"]
[EventDate "2019.10.28"]
[EventType "team-tourn"]
[EventCountry "TUR"]
[SourceTitle "playchess.com"]
[Source "ChessBase"]
[SourceQuality "1"]

1. e4 c5 2. Nf3 Nc6 3. Bb5 e6 4. O-O Nge7 5. Re1 a6 6. Bf1 d5 7. exd5 Qxd5 8. Nc3 Qd8 9. Ne4 Nf5 10. c3 Be7 11. d3 O-O 12. g4 Nh4 13. Nxh4 Bxh4 14. Nxc5 f5 15. d4 Qf6 16. g5 Bxg5 17. f4 Bh4 18. Re2 Nd8 19. Bg2 Rb8 20. Qa4 Qg6 21. Bd2 Qg4 22. Qd1 b6 23. Nd3 Nf7 24. Ne5 Nxe5 25. Rxe5 Qg6 26. Qe2 Bb7 27. Kh1 Bxg2+ 28. Qxg2 Qxg2+ 29. Kxg2 Rfe8 30. a4 Kf7 31. Kf3 h6 32. Rg1 Kf6 33. Be1 Bxe1 34. Rgxe1 Re7 35. h4 g6 36. R1e2 Rbe8 37. a5 b5 38. Rc5 Kf7 39. Rc6 Ra7 40. d5 Rae7 41. Rxa6 exd5 42. Rxe7+ Rxe7 43. Rb6 Re1 44. Rxb5 Rf1+ 45. Ke3 Re1+ 46. Kf2 Re4 47. Kf3 Re1 48. Rxd5 1-0

[Event "WY U-16 Chess Olympiad 2019"]
[Site "Corum"]
[Date "2019.10.30"]
[Round "2"]
[White "Hua, Eugene"]
[Black "Tanriverdi, Enes"]
[Result "0-1"]
[WhiteElo "2285"]
[BlackElo "2401"]
[Annotator "TA"]
[PlyCount "80"]
[EventDate "2019.10.28"]
[EventType "team-tourn"]
[EventCountry "TUR"]
[SourceTitle "playchess.com"]
[Source "ChessBase"]
[SourceQuality "1"]

1. e4 c5 2. Nf3 e6 3. d4 cxd4 4. Nxd4 Nc6 5. Nc3 Qc7 6. Be3 a6 7. Qf3 Nf6 8. O-O-O Ne5 9. Qg3 b5 10. f4 Neg4 11. e5 Nxe3 12. Qxe3 b4 13. exf6 bxc3 14. fxg7 cxb2+ 15. Kb1 Bxg7 16. Nf5 Bf8 17. Be2 Bb7 18. Bf3 Rc8 19. Rd2 Bxf3 20. gxf3 Qc5 21. Qd3 d5 22. Re1 Qc4 23. Qxd5 Qxd5 24. Rxd5 Rc3 25. Nd4 Be7 26. Ra5 Bf6 27. Nb3 Rxf3 28. Rxa6 O-O 29. Nc5 Bd4 30. Nd3 Rc8 31. Rd6 Bf6 32. Rd7 Kf8 33. a4 Rc4 34. Ne5 Bxe5 35. fxe5 Rxa4 36. Kxb2 Rb4+ 37. Kc1 Rf2 38. Rd8+ Kg7 39. Rg1+ Kh6 40. Rd2 Rf5 0-1

[Event "WY U-16 Chess Olympiad 2019"]
[Site "Corum"]
[Date "2019.10.30"]
[Round "2"]
[White "Soto, Miguel Angel"]
[Black "Runets, Ivan"]
[Result "1/2-1/2"]
[WhiteElo "2283"]
[BlackElo "2288"]
[Annotator "NA"]
[PlyCount "168"]
[EventDate "2019.10.28"]
[EventType "team-tourn"]
[EventCountry "TUR"]
[SourceTitle "playchess.com"]
[Source "ChessBase"]
[SourceQuality "1"]

1. e4 c5 2. Nf3 e6 3. d4 cxd4 4. Nxd4 a6 5. Bd3 Nf6 6. O-O Qc7 7. Qe2 Nc6 8. Nxc6 dxc6 9. e5 Nd7 10. f4 Nc5 11. Be3 b6 12. Bxc5 Bxc5+ 13. Kh1 Bb7 14. Nc3 g6 15. Rad1 Be7 16. Be4 Rd8 17. Rxd8+ Kxd8 18. Bd3 b5 19. Ne4 Kc8 20. c4 bxc4 21. Bxc4 Qb6 22. Ng5 c5 23. Nxf7 Rf8 24. Qg4 Kb8 25. Qxe6 Qxb2 26. Bd5 Qb5 27. Rg1 Bxd5 28. Qxd5 c4 29. Qe6 Bc5 30. Nd6 Qb6 31. Qe7 Bxd6 32. exd6 Rd8 33. Qe4 Rxd6 34. Rb1 Ka7 35. Qe7+ Ka8 36. Qe8+ Ka7 37. Qf7+ Ka8 38. Re1 Qd8 39. Qxc4 Qd7 40. h3 Rc6 41. Qb4 Re6 42. Rc1 Ka7 43. Qc5+ Ka8 44. Rb1 Rc6 45. Qe3 Qc7 46. Rd1 Kb7 47. Qf3 Kb8 48. Rd5 Ka7 49. Qe3+ Kb7 50. Re5 Rd6 51. Qe4+ Ka7 52. Kh2 Rd7 53. Qe3+ Qb6 54. Qe4 Qb7 55. Qe2 Qb4 56. Re4 Qd6 57. Qe3+ Qb6 58. Qxb6+ Kxb6 59. Re2 Kc5 60. Kg3 a5 61. Kf3 a4 62. g4 Rd3+ 63. Re3 Rd2 64. a3 Rb2 65. f5 gxf5 66. gxf5 Kd6 67. Kf4 Rb3 68. f6 Rxe3 69. Kxe3 Ke6 70. Kd4 Kxf6 71. Kc4 Kg5 72. Kb4 Kh4 73. Kxa4 Kxh3 74. Kb4 Kg2 75. a4 h5 76. a5 h4 77. a6 h3 78. a7 h2 79. a8=Q+ Kg1 80. Qg8+ Kh1 81. Qd5+ Kg1 82. Qd1+ Kg2 83. Qe2+ Kg1 84. Qxh2+ Kxh2 1/2-1/2

[Event "WY U-16 Chess Olympiad 2019"]
[Site "Corum"]
[Date "2019.10.30"]
[Round "2"]
[White "Musyuk, Lior"]
[Black "Sismeiro, Miguel"]
[Result "1-0"]
[WhiteElo "2278"]
[BlackElo "2113"]
[Annotator "TA"]
[PlyCount "73"]
[EventDate "2019.10.28"]
[EventType "team-tourn"]
[EventCountry "TUR"]
[SourceTitle "playchess.com"]
[Source "ChessBase"]
[SourceQuality "1"]

1. d4 Nf6 2. Bf4 d5 3. Nf3 e6 4. e3 c5 5. Nbd2 Nc6 6. c3 Bd6 7. Bg3 O-O 8. Bd3 b6 9. Ne5 Bb7 10. f4 Ne7 11. Qf3 Nf5 12. Bf2 Be7 13. g4 Nd6 14. g5 Nfe4 15. h4 b5 16. h5 b4 17. g6 fxg6 18. Qg4 Rf5 19. dxc5 Nf7 20. Nxf7 Kxf7 21. hxg6+ hxg6 22. Rg1 g5 23. cxb4 Bf6 24. Bxe4 dxe4 25. O-O-O Qd5 26. Nb3 Qc4+ 27. Kb1 Bd5 28. Be1 Rh8 29. Rg2 Rh1 30. Rc2 Qf1 31. c6 Bc4 32. c7 Bd3 33. c8=Q Rh2 34. Qd7+ Kg6 35. Qxd3 exd3 36. Rxh2 Kf7 37. Bd2 1-0

[Event "WY U-16 Chess Olympiad 2019"]
[Site "Corum"]
[Date "2019.10.30"]
[Round "2"]
[White "Xi, Qi"]
[Black "Isanzhulov, Arystan"]
[Result "0-1"]
[WhiteElo "2241"]
[BlackElo "2305"]
[Annotator "TA"]
[PlyCount "115"]
[EventDate "2019.10.28"]
[EventType "team-tourn"]
[EventCountry "TUR"]
[SourceTitle "playchess.com"]
[Source "ChessBase"]
[SourceQuality "1"]

1. d4 Nf6 2. c4 e6 3. Nc3 Bb4 4. Qc2 O-O 5. e4 d5 6. e5 Ne4 7. Bd3 c5 8. Nf3 cxd4 9. Nxd4 Nd7 10. Bf4 Qh4 11. g3 Qh5 12. O-O g5 13. cxd5 Nxc3 14. bxc3 gxf4 15. dxe6 Nxe5 16. cxb4 Bxe6 17. Be4 Ng4 18. Nf3 fxg3 19. hxg3 Nf6 20. Nh4 Rac8 21. Qb1 Rc4 22. Bg2 Rxh4 23. gxh4 Kh8 24. Qb2 Qxh4 25. Qe5 Rg8 26. f3 Rg6 27. a3 Kg7 28. Rad1 Rg5 29. Rd4 Qh6 30. Qh2 Qg6 31. Rd2 b6 32. Re1 Qf5 33. Qh4 Rg6 34. Rf2 Nd5 35. Qd4+ Kg8 36. Re4 Nf6 37. Rh4 Qb1+ 38. Kh2 Qc1 39. a4 Qc7+ 40. Qf4 Qe7 41. Re2 h5 42. Kg1 Qd7 43. Rd2 Qe7 44. Qe5 Kh7 45. Rhd4 Qb7 46. Kh2 Qc6 47. b5 Qc3 48. Qf4 h4 49. Qe5 Kg7 50. R2d3 Qb2 51. Rd2 Qc3 52. R2d3 Qa1 53. Qe2 h3 54. Bf1 Qc1 55. Rd1 Qc7+ 56. Rd6 Bd5 57. Qe5 Qc2+ 58. Be2 0-1

[Event "WY U-16 Chess Olympiad 2019"]
[Site "Corum"]
[Date "2019.10.30"]
[Round "2"]
[White "Vettese, Nicholas"]
[Black "Can, Isik"]
[Result "1/2-1/2"]
[WhiteElo "2235"]
[BlackElo "2361"]
[Annotator "TA"]
[PlyCount "75"]
[EventDate "2019.10.28"]
[EventType "team-tourn"]
[EventCountry "TUR"]
[SourceTitle "playchess.com"]
[Source "ChessBase"]
[SourceQuality "1"]

1. e4 c6 2. d4 d5 3. exd5 cxd5 4. Nf3 Nc6 5. Ne5 e6 6. Bb5 Bd7 7. Nxd7 Qxd7 8. c3 Bd6 9. Nd2 Nf6 10. O-O O-O 11. Bd3 Rae8 12. f4 Qc7 13. g3 Ne7 14. Qc2 g6 15. Nf3 Nf5 16. Ne5 h5 17. Bd2 b5 18. b4 Rc8 19. Qb1 a5 20. a3 a4 21. Qe1 Qb7 22. Qe2 Rb8 23. Rae1 Rfc8 24. Qf3 Bf8 25. h3 Ne4 26. Rxe4 dxe4 27. Bxe4 Qe7 28. Nc6 Rxc6 29. Bxc6 Bg7 30. g4 hxg4 31. hxg4 Nd6 32. Qe2 Nc4 33. Bc1 Qh4 34. Kg2 Nd6 35. Bd2 Nc4 36. Bc1 Nd6 37. Bd2 Nc4 38. Bc1 1/2-1/2

[Event "WY U-16 Chess Olympiad 2019"]
[Site "Corum"]
[Date "2019.10.30"]
[Round "2"]
[White "Siniauski, Artsiom"]
[Black "Alvarez Angel, Nelson Eduardo"]
[Result "1-0"]
[WhiteElo "2233"]
[BlackElo "1974"]
[Annotator "ChessBase"]
[PlyCount "149"]
[EventDate "2019.10.28"]
[EventType "team-tourn"]
[EventCountry "TUR"]
[SourceTitle "playchess.com"]
[Source "ChessBase"]
[SourceQuality "1"]

1. e4 c5 2. Nf3 Nc6 3. Bb5 g6 4. Bxc6 bxc6 5. O-O Bg7 6. Re1 Nh6 7. c3 f6 8. d4 cxd4 9. cxd4 d6 10. Nc3 Nf7 11. b3 O-O 12. Bb2 e5 13. Rc1 Bg4 14. h3 Bxf3 15. Qxf3 exd4 16. Na4 c5 17. b4 Qd7 18. Qd1 d3 19. Nc3 f5 20. Qxd3 fxe4 21. Rxe4 Qf5 22. Nd5 Rae8 23. Rxe8 Rxe8 24. Qxf5 gxf5 25. Bxg7 Kxg7 26. bxc5 dxc5 27. Rxc5 Re1+ 28. Kh2 Re2 29. Ra5 Rxf2 30. Rxa7 Rd2 31. Nf4 Kf6 32. a4 Ra2 33. a5 Ne5 34. a6 Kg5 35. Ne6+ Kf6 36. Nd4 Rd2 37. Nb3 Rb2 38. Nc5 f4 39. Rb7 Ra2 40. Kg1 Kf5 41. Rb4 Ra1+ 42. Kf2 Ra2+ 43. Kf1 Nc6 44. Ra4 Rc2 45. Nd3 f3 46. gxf3 Rd2 47. Ra5+ Kf6 48. Rd5 Ne7 49. Rd6+ Kf5 50. Ke1 Ra2 51. Nb4 Ra4 52. Rd4 Ra3 53. Kf2 Ke6 54. Re4+ Kf6 55. Kg3 Nc8 56. Kg4 Ra5 57. Rd4 Ra1 58. f4 Rg1+ 59. Kf3 Rb1 60. Ke4 Rc1 61. Nd5+ Kf7 62. Ra4 Na7 63. Rb4 Kg6 64. Rb7 Nc6 65. a7 Re1+ 66. Ne3 Nxa7 67. Rxa7 Rh1 68. f5+ Kh6 69. Kf4 Rg1 70. Rb7 Rg8 71. Rb6+ Kg7 72. Ng4 Rf8 73. Rb7+ Kg8 74. Kg5 Kh8 75. Nf6 1-0

[Event "WY U-16 Chess Olympiad 2019"]
[Site "Corum"]
[Date "2019.10.30"]
[Round "2"]
[White "Stremavicius, Pijus"]
[Black "Sindarov, Javokhir"]
[Result "0-1"]
[WhiteElo "2230"]
[BlackElo "2513"]
[Annotator "TA"]
[PlyCount "112"]
[EventDate "2019.10.28"]
[EventType "team-tourn"]
[EventCountry "TUR"]
[SourceTitle "playchess.com"]
[Source "ChessBase"]
[SourceQuality "1"]

1. d4 Nf6 2. c4 g6 3. Nc3 Bg7 4. e4 d6 5. Bd3 O-O 6. Nge2 c5 7. d5 Na6 8. O-O e5 9. a3 Nh5 10. Be3 f5 11. exf5 gxf5 12. f3 Kh8 13. Qc2 Bd7 14. Ng3 Nxg3 15. hxg3 Nc7 16. Rab1 b6 17. b4 Ne8 18. Ne2 Nf6 19. Qd2 Rg8 20. Bh6 Qf8 21. Bxg7+ Qxg7 22. Rf2 Rae8 23. Bc2 Nh5 24. a4 Nxg3 25. Nxg3 Qxg3 26. a5 Bc8 27. bxc5 bxc5 28. Rb8 Rg5 29. Ra8 a6 30. f4 exf4 31. Ba4 Reg8 32. Qb2+ R5g7 33. Bd1 Qe3 34. Bf3 h6 35. Qf6 Qe1+ 36. Rf1 Qe5 37. Qh4 Kh7 38. Re1 Qd4+ 39. Kh2 Qb2 40. Re7 Rxe7 41. Qxe7+ Qg7 42. Qxd6 Qg3+ 43. Kg1 Qe1+ 44. Kh2 Qh4+ 45. Kg1 Re8 46. Ra7+ Kh8 47. Be2 f3 48. Qc7 Qd4+ 49. Kh2 Qh4+ 50. Kg1 Bd7 51. Qxd7 Qd4+ 52. Kh2 Qf4+ 53. Kg1 f2+ 54. Kf1 Qc1+ 55. Bd1 Re1+ 56. Kxf2 Qe3# 0-1

[Event "WY U-16 Chess Olympiad 2019"]
[Site "Corum"]
[Date "2019.10.30"]
[Round "2"]
[White "Tsaruk, Maksim"]
[Black "Cardoso Cardoso, Jose Gabriel"]
[Result "1-0"]
[WhiteElo "2230"]
[BlackElo "2313"]
[Annotator "TA"]
[PlyCount "99"]
[EventDate "2019.10.28"]
[EventType "team-tourn"]
[EventCountry "TUR"]
[SourceTitle "playchess.com"]
[Source "ChessBase"]
[SourceQuality "1"]

1. e4 c5 2. c3 d5 3. exd5 Qxd5 4. d4 g6 5. Nf3 Bg7 6. Na3 cxd4 7. Nb5 Na6 8. Nbxd4 Nf6 9. Be2 O-O 10. O-O Rd8 11. Be3 e5 12. Nb5 Be6 13. Qc2 Bf5 14. Qb3 Qxb3 15. axb3 Nd5 16. Bxa7 Bd7 17. Rfd1 Bxb5 18. Bxb5 Rxa7 19. Bc4 Kf8 20. Rxd5 Raa8 21. g3 f6 22. b4 Rxd5 23. Bxd5 Rb8 24. g4 Nc7 25. Be4 Nb5 26. Ra5 Nd6 27. Bd5 Ke7 28. Nd2 f5 29. gxf5 gxf5 30. c4 e4 31. c5 Ne8 32. Ra7 Bxb2 33. Nb3 Bc3 34. b5 Nc7 35. Bc4 Kd7 36. b6 Ne6 37. c6+ Kxc6 38. Bxe6 Kxb6 39. Ra4 Re8 40. Bxf5 e3 41. fxe3 Rxe3 42. Re4 Rf3 43. Bxh7 Bg7 44. Rb4+ Ka6 45. Bd3+ b5 46. Bxb5+ Ka7 47. Bc6 Rf7 48. Nd4 Be5 49. Bg2 Bd6 50. Nb5+ 1-0

[Event "WY U-16 Chess Olympiad 2019"]
[Site "Corum"]
[Date "2019.10.30"]
[Round "2"]
[White "Utsab Chatterjee"]
[Black "Halynyazow, Vepaly"]
[Result "1-0"]
[WhiteElo "2211"]
[BlackElo "1903"]
[Annotator "TA"]
[PlyCount "71"]
[EventDate "2019.10.28"]
[EventType "team-tourn"]
[EventCountry "TUR"]
[SourceTitle "playchess.com"]
[Source "ChessBase"]
[SourceQuality "1"]

1. e4 c5 2. Nf3 Nc6 3. d4 cxd4 4. Nxd4 Nf6 5. Nc3 g6 6. Be3 Bg7 7. Be2 O-O 8. Nb3 d6 9. O-O b6 10. f4 Bb7 11. Qd2 Rc8 12. Bf3 Nd7 13. Rfd1 Na5 14. Nxa5 bxa5 15. Bxa7 Nb6 16. Qf2 Nc4 17. Rab1 Qc7 18. Bd4 e5 19. fxe5 dxe5 20. Be3 f5 21. Qe2 fxe4 22. Nxe4 Nxe3 23. Qxe3 Qxc2 24. Rbc1 Qa4 25. Nc5 Rxc5 26. Qxc5 e4 27. Be2 Kh8 28. Qe7 Bc6 29. Bc4 e3 30. Rd8 Be8 31. b3 Qc6 32. Qxe3 Bf6 33. Bf7 Qxc1+ 34. Qxc1 Rxf7 35. Rxe8+ Kg7 36. h3 1-0